000 01618cam a22002054a 4500
005 20250605164055.0
008 250528s ||||||||||||||||||||||||d
035 _a17441
020 _a9604311093
040 _aGR-AtMCL
_bgre
_dGR-AtMCL
_eAACR2
245 1 _aΜαθηματική Ανάλυση.
_nΤόμος ΙΙΙ: Β' Έκδοση
250 _a
260 _bΖήτη,
_c1994
300 _a576
520 _aΗ Έννοια του n-Διάστατου Ευκλείδιου Χώρου Rn, Συστήματα Συντεταγμένων στο Επίπεδο και στο Χώρο, Συναρτήσεις Πολλών Μεταβλητών, Καμπύλες και Επιφάνειες, Διαφορισιμότητα Συνάρτήσεων Πολλών Μεταβλητών, Εφαπτόμενες Ευθείες και Εφαπτόμενα Επίπεδα, Θεώρηματα Μέσης Τίμης και Τύπος Taylor και Ακρότατα, Πεπλεγμένες Συναρτήσεις, Συναρτησιακή Εξάρτηση και Υπερεπιφάνειες, Στοιχεία Διαφορικής Γεωμετρίας, Επικαμπύλια Ολοκληρώματα, Το Διπλό Ολοκλήρωμα, Το Τριπλό Ολοκλήρωμα και τα Ολλαπλά Ολοκληρώματα, Επιφανειακά Ολοκληρώματα, Ολοκληρωτικοί Τύποι, Παράρτημα, Βιβλιογραφία, Ευρετήριο Όρων και Ονομάτων.
700 1 _aΠαντελίδης Γ. Ν
_93593
942 _cBK
999 _c2859
_d2859